000 00250nam a2200109Ia 4500
008 220204s9999 xx 000 0 und d
082 _a929(540)
_bIND
245 0 _aIndia who's who 1972
260 _aNew Delhi
_bInfa
_c1972
700 _aS
942 _cBK
999 _c21787
_d21787